000 00887nam a2200253Ia 4500
003 OSt
005 20221005111610.0
006 a|||||r|||| 00| 0
007 ta
008 221004b |||||||| |||| 00| 0 nep d
024 _a26474
037 _bGift, 06/05/2016,
_cTextual
040 _aCRL
_cCRL
_bNEP
041 _2NEP
_aNEP
082 _aO1595,3x, 152N6
100 _aसुवास दीपक, अनु.
245 0 _aभारतीय नेपाली कहानियॉं
246 _aBhāratīya nepālī kahāniyaॉan
260 _aनामची
_bनिर्माण प्रकाशन भारत
_c1996
300 _a189पृ0
_ccm.
650 _aनेपाली साहित्य
942 _hO1595,3x, 152N6
_cTEXL
_2cc
999 _c1022300
_d1022300